| 000 | 01019cam a2200217 4500 | ||
|---|---|---|---|
| 001 | WB3928-04 | ||
| 008 | 030722n2003 000 0 eng u | ||
| 035 | _a(Sirsi) u123078 | ||
| 245 | _aNew guidance on Emas performance indicators | ||
| 260 | _c2003 | ||
| 490 |
_aRICS Brussels Briefing _v 21 July 2003 (1) |
||
| 520 | _aOrganisations registered to the Emas environmental management standard have been offered new guidance http://europa.eu.int/comm/environment/emas/index_en.htm from the European Commission. The aim is to assist companies that are increasingly scrutinised by ranking agencies and financial advisory firms in managing their impacts. http://www.rics.org/ricscms/bin/show?class=Brief&template=/includes/showbrief.html&id=512 | ||
| 590 | _aWB | ||
| 650 | _aEMAS | ||
| 650 | _aPERFORMANCE INDICATORS | ||
| 650 | _aEUROPEAN COMMISSION | ||
| 650 | _aENVIRONMENTAL MANAGEMENT SCHEMES | ||
| 650 | _aGUIDANCE | ||
| 690 | _aENVIRONMENTAL AND LAND CONSULTANCY-ENVIRONMENTAL MANAGEMENT | ||
| 942 | _n0 | ||
| 999 |
_c73085 _d73085 |
||